| 000 | 00687nam a2200217 u 4500 | ||
|---|---|---|---|
| 005 | 20240316063917.0 | ||
| 008 | 091027s2004 r 000 0 eng d | ||
| 020 | _a9682307937 | ||
| 035 | _aUPN01000173474 | ||
| 049 | _aCG | ||
| 050 | 4 |
_aBF575 A3 _bE4.2 2004 |
|
| 100 | 1 |
_aEibl-Eibesfeldt, Irenäus, _d1928- |
|
| 245 | 1 | 0 |
_aAmor y odio : _bhistoria natural de las pautas de comportamiento elementales / _cIrenäus Eibl-Eibesfeldt. |
| 250 | _a4a ed. | ||
| 260 |
_aMéxico : _bSiglo XXI, _c2004. |
||
| 300 |
_a242 p. : _bil. |
||
| 440 | 0 | _aPsicología y etología | |
| 650 | 4 |
_aAgresividad (Psicología) _92250 |
|
| 650 | 4 |
_aCONDUCTA AGRESIVA EN LOS ANIMALES _99958 |
|
| 905 | _aLibro | ||
| 999 |
_c145578 _d145578 |
||